La hermandad desde la Biblia. Aproximaciones textuales, contextuales e intertextuales a propósito de Fratelli tutti.
Guardat en:
| Altres autors: | |
|---|---|
| Format: | Desconegut |
| Idioma: | anglès |
| Publicat: |
Estella, España:
Verbo Divino (EVD),
2022.
|
| Col·lecció: | Estudios bíblicos,
|
| Matèries: | |
| Etiquetes: |
Afegir etiqueta
Sense etiquetes, Sigues el primer a etiquetar aquest registre!
|
MARC
| LEADER | 00000 a2200000 4500 | ||
|---|---|---|---|
| 003 | CL-VaPUC | ||
| 005 | 20231123122851.0 | ||
| 008 | 231114t2022 ||||| |||| 00| 0 eng d | ||
| 999 | |c 442343 |d 442341 | ||
| 020 | |a 978-84-9073-797-2 | ||
| 040 | |c Pontificia Universidad Católica de Valparaíso | ||
| 082 | |2 22 |a 241.5 CAS 2022 | ||
| 100 | |a Casas, Juan Alberto |9 885639 |e editor | ||
| 245 | |a La hermandad desde la Biblia. |b Aproximaciones textuales, contextuales e intertextuales a propósito de Fratelli tutti. | ||
| 260 | |a Estella, España: |b Verbo Divino (EVD), |c 2022. | ||
| 300 | |a 531 páginas. | ||
| 490 | |a Estudios bíblicos, |n 81. | ||
| 583 | |k GC |c 20231114 | ||
| 600 | 0 | |9 881404 |a Francisco, Papa |t Fratelli Tutti |x Desafío de la hermandad | |
| 650 | 0 | |9 496034 |a Hermandad |x Biblia |x Antiguo y Nuevo Testamento |x Aspectos sociales, étnicas, políticas y ecológicas | |
| 650 | 0 | |9 496034 |a Hermandad |x Religiones |x Análisis bíblico | |
| 942 | |2 ddc |c BK | ||
| 952 | |0 0 |1 0 |2 ddc |4 0 |6 241_500000000000000_CAS_2022 |7 0 |8 A |9 592383 |a BIBTEO |b BIBTEO |c GEN |d 2023-11-10 |e 8 |g 27300.00 |i 5659415 |o 241.5 CAS 2022 |p 5659415 |r 2025-01-17 |t 1 |v 27300.00 |w 2023-11-10 |y BK |k ICR | ||